10 Most Popular Names That Are Also Months - Statistics

General Stats
  • This quiz has been taken 138 times
  • The average score is 7 of 10
Answer Stats
People Month/Name %Male % Correct
230,269 April 0.3%
97%
81,436 June 1.6%
93%
45,717 August 87.8%
92%
10,706 May 1.6%
84%
2,084 September 0%
64%
2,076 January 0%
63%
1,543 December 0.7%
53%
1,048 July 23.7%
44%
1,225 October 6.1%
44%
912 November 0%
42%
No matching quizzes found
Score Distribution
Percent of People with Each Score
Percentile by Number Answered
Your Score History
You have not taken this quiz